Γυναικείοι συνεταιρισμοί Χίου : [εργασία]

Αποθηκεύτηκε σε:
Λεπτομέρειες βιβλιογραφικής εγγραφής
Κύριος συγγραφέας: Μπαλάσκας, Γεώργιος
Συγγραφή απο Οργανισμό/Αρχή: Πανεπιστήμιο Αιγαίου. Σχολή Επιστημών της Διοίκησης. Τμήμα Διοίκησης Επιχειρήσεων
Άλλοι συγγραφείς: Μαντζώρου, Λουκία, Σταύρου, Eλευθερία
Μορφή: Thesis Βιβλίο
Γλώσσα:Greek
Δημοσίευση: [1995;]
Θέματα:
Ετικέτες: Προσθήκη ετικέτας
Δεν υπάρχουν, Καταχωρήστε ετικέτα πρώτοι!

MARC

LEADER 00000cam a2200000 i 4500
001 1/44807
008 960227q1995 gr | ||| |||| ||gre||
035 |l 10026034 
040 |a GR-MyUa  |b gre  |e AACR2 
041 0 |a gre 
082 7 |a 334   |2 (22) 
100 1 |a Μπαλάσκας, Γεώργιος. 
245 1 0 |a Γυναικείοι συνεταιρισμοί Χίου :   |b [εργασία] /   |c Γεώργιος Μπαλάσκας, Λουκία Μαντζώρου, Ελευθερία Σταύρου, Χρυσούλα Τσακαλογιάννη ; επιβλέπων καθηγητής: Λ. Μαρούδας. 
260 |c [1995;] 
300 |a 38 σ. ;   |c 30 εκ. 
500 |a Εργασία στα πλαίσια του μαθήματος Οικονομική Διοίκηση Συνεταιριστικών Επιχειρήσεων 
502 |a Εργασία - Πανεπιστήμιο Αιγαίου, Τμήμα Διοίκησης Επιχειρήσεων 
610 2 0 |a Πανεπιστήμιο Αιγαίου. 
650 0 0 |a Women in cooperative societies  |z Greece  |z Chios (Municipality) 
650 0 |a Women  |x Employment  |z Greece  |z Chios (Municipality) 
700 1 |a Μαντζώρου, Λουκία. 
700 1 |a Μαρούδας, Λεωνίδας Ε.  |e dgs 
700 1 |a Σταύρου, Eλευθερία. 
710 2 |a Πανεπιστήμιο Αιγαίου.   |b Σχολή Επιστημών της Διοίκησης.   |b Τμήμα Διοίκησης Επιχειρήσεων. 
852 |a INST  |b CHIOS  |c PERG  |e 19960227  |h 334 ΜΠΑ  |p 005200000837  |q 005200000837  |t PERG  |y 23 
901 |a BIBL2-2000-1 
924 |a Μπαλάσκας  |b Γεώργιος  |y Χίος  |z 1996-02 
924 |a Μαντζώρου  |b Λουκία  |y Χίος  |z 1996-02 
924 |a Σταύρου  |b Ελευθερία  |y Χίος  |z 1996-02 
924 |a Τσακαλογιάννη  |b Χρυσούλα  |y Χίος  |z 1996-02 
970 |a Πουλάκη  |b Στέλλα  |z 2000/03/02